000 00700nam a2200265Ia 4500
003 OSt
005 20221006142340.0
006 a|||||r|||| 00| 0
007 ta
008 221006b |||||||| |||| 00| 0 jpn d
020 _a9784061963436
_c¥1050
024 _a6,130
037 _bGift, Japan Foundation
_cTextual
040 _aEASL
_cEASL
_bjpn
041 _2jpn
_ajpn
082 _aO42,3N35, N5
100 _aOE Kenzaburo
245 0 _aShizukana seikatsu
260 _aTokyo
_bKodansha Japan
_c1995
300 _a330p.
_ccm.
490 _v JL
650 _aJL
942 _hO42,3N35, N5
_cTEXL
_2CC
999 _c1074216
_d1074216